<?xml version="1.0" encoding="UTF-8"?>
<record
    xmlns:xsi="http://www.w3.org/2001/XMLSchema-instance"
    xsi:schemaLocation="http://www.loc.gov/MARC21/slim http://www.loc.gov/standards/marcxml/schema/MARC21slim.xsd"
    xmlns="http://www.loc.gov/MARC21/slim">

  <leader>00522nam a2200181Ia 4500</leader>
  <controlfield tag="008">100917s9999    xx            000 0 und d</controlfield>
  <datafield tag="082" ind1=" " ind2=" ">
    <subfield code="b">10262</subfield>
  </datafield>
  <datafield tag="100" ind1=" " ind2=" ">
    <subfield code="a">&#x92F;&#x93E;&#x926;&#x935;&#x93E;&#x921; &#x938;&#x902;&#x91C;&#x940;&#x935;&#x928;&#x940;</subfield>
  </datafield>
  <datafield tag="245" ind1=" " ind2=" ">
    <subfield code="a">&#x91A;&#x947;&#x91F;&#x915;&#x940;&#x923;&#x940;&#x91A;&#x940; &#x91C;&#x93E;&#x926;&#x942;</subfield>
  </datafield>
  <datafield tag="260" ind1=" " ind2=" ">
    <subfield code="b">---</subfield>
  </datafield>
  <datafield tag="300" ind1=" " ind2=" ">
    <subfield code="a">24</subfield>
  </datafield>
  <datafield tag="365" ind1=" " ind2=" ">
    <subfield code="b">0.3</subfield>
  </datafield>
  <datafield tag="520" ind1=" " ind2=" ">
    <subfield code="a">&#x92C;&#x93E;&#x932;&#x935;&#x93F;&#x92D;&#x93E;&#x917;</subfield>
  </datafield>
  <datafield tag="630" ind1=" " ind2=" ">
    <subfield code="a">&#x91A;&#x947;&#x91F;&#x915;&#x940;&#x923;&#x940;&#x91A;&#x940; &#x91C;&#x93E;&#x926;&#x942;</subfield>
  </datafield>
  <datafield tag="650" ind1=" " ind2=" ">
    <subfield code="a">&#x92C;&#x93E;&#x932;&#x935;&#x93F;&#x92D;&#x93E;&#x917;</subfield>
  </datafield>
  <datafield tag="730" ind1=" " ind2=" ">
    <subfield code="a">&#x91A;&#x947;&#x91F;&#x915;&#x940;&#x923;&#x940;&#x91A;&#x940; &#x91C;&#x93E;&#x926;&#x942;</subfield>
  </datafield>
  <datafield tag="942" ind1=" " ind2=" ">
    <subfield code="c">BOOK</subfield>
  </datafield>
  <datafield tag="999" ind1=" " ind2=" ">
    <subfield code="c">615656</subfield>
    <subfield code="d">615653</subfield>
  </datafield>
  <datafield tag="952" ind1=" " ind2=" ">
    <subfield code="0">1</subfield>
    <subfield code="1">0</subfield>
    <subfield code="4">0</subfield>
    <subfield code="7">0</subfield>
    <subfield code="a">PUNMGS</subfield>
    <subfield code="b">PUNMGS</subfield>
    <subfield code="c">--- --</subfield>
    <subfield code="d">2010-09-17</subfield>
    <subfield code="g">0.30</subfield>
    <subfield code="l">0</subfield>
    <subfield code="p">PUNMGS-10262</subfield>
    <subfield code="r">2010-09-17 00:00:00</subfield>
    <subfield code="w">2010-09-17</subfield>
    <subfield code="y">BOOK</subfield>
    <subfield code="z">&#x930;&#x926;&#x94D;&#x926;</subfield>
  </datafield>
</record>
